Skúsenosť hlavným tromfom : Tréner Peter Fecko dôveruje súčasnému kádru TJ Cementár Turňa

Podrobná bibliografia
Hlavný autor: Šamudovský, Miroslav (Author)
Médium: Článok
Jazyk:Slovak
Témy:
Zdroj: 1. Lúč 1. Roč. 8, č. 14(1999), dát. 0119, s. 7
LEADER 00848nab#a2200277#ar4500
001 000019613
003 SVKKK
005 00000000000000.0
008 c xo e sloo
FMT
038 |a SVKKK 
040 |a SVKKK  |b slo  |e AACR2 
041 0 |a slo 
044 |a xo  |c SK 
080 |a 796.33  |2 1981 
100 1 |a Šamudovský, Miroslav  |4 aut 
245 1 0 |a Skúsenosť hlavným tromfom :  |b Tréner Peter Fecko dôveruje súčasnému kádru TJ Cementár Turňa  |c Šamudovský Miroslav, 
650 0 4 |a futbal  |x liga 3.  |z TJ Cementár, Turňa nad Bodvou (KS)  |x ročník 1998/99  |x časť jarná  |x prípravy  |x káder hráčsky  |x informácie 
773 0 |t Lúč  |g Roč. 8, č. 14(1999), dát. 0119, s. 7 
957 |a Turňa nad Bodvou 
958 |a KS 
974 |d 990322  |a Čr 
992 |a RBX 
BAS
852 |a SVKKK  |b BIB 
998 |a REG